000 00601nam a2200205 i 4500
001 80845
003 ES-MaACL
005 20250808062531.0
007 t|
008 041029s1958 sp ||||1| spa d
100 1 _aHorgan, Paul.
_964192
245 1 0 _aSucedió en San Cristóbal /
_cPaul Horgan ; versión española, J. Fons Perales.
260 _aSan Sebastián :
_bDinor,
_c1958 (
_eBurgos :
_fAldecoa)
300 _a117 p. ;
_c19 cm.
490 1 _aPrisma
700 1 _aFons Perales, J.
_951514
830 0 0 _aPrisma
_9180749
852 _aES-MaACL
_jC-14444
_bR.42087
999 _c80845
_d80845